| 000 -LEADER |
| fixed length control field |
03541cam a2200397 a 4500 |
| 001 - CONTROL NUMBER |
| control field |
15369141 |
| 003 - CONTROL NUMBER IDENTIFIER |
| control field |
Nust |
| 005 - DATE AND TIME OF LATEST TRANSACTION |
| control field |
20180117090019.0 |
| 008 - FIXED-LENGTH DATA ELEMENTS--GENERAL INFORMATION |
| fixed length control field |
080716s2008 enka b 101 0 eng d |
| 010 ## - LIBRARY OF CONGRESS CONTROL NUMBER |
| LC control number |
2008275086 |
| 015 ## - NATIONAL BIBLIOGRAPHY NUMBER |
| National bibliography number |
GBA771424 |
| Source |
bnb |
| 016 7# - NATIONAL BIBLIOGRAPHIC AGENCY CONTROL NUMBER |
| Record control number |
013834337 |
| Source |
UK |
| 020 ## - INTERNATIONAL STANDARD BOOK NUMBER |
| International Standard Book Number |
9781842778920 (cased) |
| 020 ## - INTERNATIONAL STANDARD BOOK NUMBER |
| International Standard Book Number |
1842778927 (cased) |
| 020 ## - INTERNATIONAL STANDARD BOOK NUMBER |
| International Standard Book Number |
1842778935 (pbk.) |
| 020 ## - INTERNATIONAL STANDARD BOOK NUMBER |
| International Standard Book Number |
9781842778937 (pbk.) |
| 035 ## - SYSTEM CONTROL NUMBER |
| System control number |
(OCoLC)ocn170039373 |
| 040 ## - CATALOGING SOURCE |
| Original cataloging agency |
UKM |
| Transcribing agency |
UKM |
| Modifying agency |
YDXCP |
| -- |
BTCTA |
| -- |
BWKUK |
| -- |
BAKER |
| -- |
J2H |
| -- |
OCLCG |
| -- |
DLC |
| 042 ## - AUTHENTICATION CODE |
| Authentication code |
ukblsr |
| -- |
lccopycat |
| 050 00 - LIBRARY OF CONGRESS CALL NUMBER |
| Classification number |
JZ4841 |
| Item number |
.C36 2008 |
| 082 04 - DEWEY DECIMAL CLASSIFICATION NUMBER |
| Classification number |
338.91 |
| Edition number |
22 |
| 245 00 - TITLE STATEMENT |
| Title |
Can NGOs make a difference? : |
| Remainder of title |
the challenge of development alternatives / |
| Statement of responsibility, etc. |
edited by Anthony Bebbington, Sam Hickey and Diana Mitlin. |
| 260 ## - PUBLICATION, DISTRIBUTION, ETC. |
| Place of publication, distribution, etc. |
London ; |
| -- |
New York : |
| Name of publisher, distributor, etc. |
Zed Books, |
| Date of publication, distribution, etc. |
2008. |
| 300 ## - PHYSICAL DESCRIPTION |
| Extent |
x, 358 p. : |
| Other physical details |
ill. ; |
| Dimensions |
24 cm. |
| 504 ## - BIBLIOGRAPHY, ETC. NOTE |
| Bibliography, etc. note |
Includes bibliographical references and index. |
| 505 0# - FORMATTED CONTENTS NOTE |
| Formatted contents note |
Introduction : can NGOs make a difference? The challenge of development alternatives / Anthony J. Bebbington, Samuel Hickey and Diana C. Mitlin -- Have NGOs 'made a difference?' From Manchester to Birmingham with an elephant in the room / Michael Edwards -- Challenges to participation, citizenship and democracy : perverse confluence and displacement of meanings / Evelina Dagnino -- Learning from Latin America : recent trends in European NGO policymaking / Kees Biekart -- Whatever happened to reciprocity? Implications of donor emphasis on 'voice' and 'impact' as rationales for working with NGOs in development / Alan Thomas -- Development and the new security agenda : w(h)ither(ing) NGO alternatives? / Alan Fowler -- How civil society organizations use evidence to influence policy processes / Amy Pollard and Julius Court -- Civil society participation as the focus of northern NGO support : the case of Dutch co-financing agencies / Irene Guijt -- Producing knowledge, generating alternatives? Challenges to research-oriented NGOs in Central America and Mexico / Cynthia Bazán ... [et al] -- Anxieties and affirmations : NGO-donor partnerships for social transformation 196 / Mary Racelis -- Reinventing international NGOs : a view from the Dutch co-financing system / Harry Derksen and Pim Verhallen -- Transforming or conforming? NGOs training health promoters and the dominant paradigm of the development industry in Bolivia / Katie S. Bristow -- Political entrepreneurs or development agents : an NGO's tale of resistance and acquiescence in Madhya Pradesh, India / Vasudha Chhotray -- Is this really the end of the road for gender mainstreaming? Getting to grips with gender and institutional change / Nicholas Piálek -- The ambivalent cosmopolitanism of international NGOs / Helen Yanacopulos and Matt Baillie Smith -- Development as reform and counter-reform : paths travelled by Slum/Shack Dwellers International / Joel Bolnick -- Reflections on NGOs and development : the elephant, the dinosaur, several tigers but no owl / David Hulme. |
| 650 #0 - SUBJECT ADDED ENTRY--TOPICAL TERM |
| Topical term or geographic name entry element |
Non-governmental organizations |
| General subdivision |
Evaluation |
| Form subdivision |
Congresses. |
| 653 1# - INDEX TERM--UNCONTROLLED |
| Uncontrolled term |
NGO |
| 700 1# - ADDED ENTRY--PERSONAL NAME |
| Personal name |
Bebbington, Anthony, |
| Dates associated with a name |
1962- |
| 700 1# - ADDED ENTRY--PERSONAL NAME |
| Personal name |
Hickey, Samuel, |
| Dates associated with a name |
1972- |
| 700 1# - ADDED ENTRY--PERSONAL NAME |
| Personal name |
Mitlin, Diana. |
| 906 ## - LOCAL DATA ELEMENT F, LDF (RLIN) |
| a |
7 |
| b |
cbc |
| c |
copycat |
| d |
2 |
| e |
ncip |
| f |
20 |
| g |
y-gencatlg |
| 942 ## - ADDED ENTRY ELEMENTS (KOHA) |
| Source of classification or shelving scheme |
|
| Koha item type |
Book |